000 00298nam a22001337a 4500
008 170926b xxu||||| |||| 00| 0 eng d
020 _a0871172593
041 _aeng
080 _a37
100 _a46
101 _aEDU
245 _aBETWEEN A ROCK AND A HARD PLACE
_cROUECHE,J.E
942 _2udc
_cBK
999 _c29754
_d29754